000 00596ntaaa2200205 4500
003 01
005 20251027203044.0
008 0714s1973 ag 01
040 _aAR-BaBN
_bspa
_cAR-BaBN
_eaacr
_dRIC
082 _a982.0550 R71c
100 _aRosas, Juan Manuel de
_931718
245 _aCartas del exilio 1853-1875
250 _a1 ed.
260 _aBuenos Aires :
_bRodolfo Alonso,
_c1974
300 _a201, viii p. ;
_cfascim.; 18,5 cm
500 _aContiene índicesSelección, prólogo y notas de José Raed
650 _aArgentina--Historia
700 _aRaed, José
_931719
942 _cBK
999 _c25914
_d25914